LIBRARY ONLINE CATALOGUE

Concise legal research / (Record no. 8629)

MARC details
000 -LEADER
fixed length control field 00618nam a22002172 4500
001 - CONTROL NUMBER
control field 0000018724
005 - DATE AND TIME OF LATEST TRANSACTION
control field 20151217152133.0
008 - FIXED-LENGTH DATA ELEMENTS--GENERAL INFORMATION
fixed length control field 100609s xx 000 0 eng d
020 ## - INTERNATIONAL STANDARD BOOK NUMBER
International Standard Book Number 8175347373 :
040 ## - CATALOGING SOURCE
Original cataloging agency KABU
Transcribing agency KABU
100 1# - MAIN ENTRY--PERSONAL NAME
Personal name Watt, Robert.
-- 0000178061
245 10 - TITLE STATEMENT
Title Concise legal research /
Statement of responsibility, etc. Robert Watt.
250 ## - EDITION STATEMENT
Edition statement 5th ed.
260 ## - PUBLICATION, DISTRIBUTION, ETC. (IMPRINT)
Place of publication, distribution, etc. Delhi :
Name of publisher, distributor, etc. Universal Law,
Date of publication, distribution, etc. 2004.
300 ## - PHYSICAL DESCRIPTION
Extent x, 271 p.
650 #0 - SUBJECT ADDED ENTRY--TOPICAL TERM
Topical term or geographic name as entry element Legai research
Geographic subdivision Australia.
-- 0000178062
650 #0 - SUBJECT ADDED ENTRY--TOPICAL TERM
Topical term or geographic name as entry element Legai research.
-- 0000178063
852 1# - LOCATION
-- p560 KES
908 ## - PUT COMMAND PARAMETER (RLIN)
Put command parameter 100609
950 ## - LOCAL HOLDINGS (RLIN)
-- 1
Holdings
Withdrawn status Lost status Source of classification or shelving scheme Not for loan Home library Current library Date acquired Total Checkouts Full call number Barcode Date last seen Date last checked out Price effective from Koha item type
    Library of Congress Classification   Kabarak, Main Campus Kabarak, Main Campus 17/12/2015 3 KU47 .W38 2004 c. 1 24932 14/10/2023 28/09/2023 17/12/2015 General Collection